| 000 | 01104nam a2200277 a 4500 | ||
|---|---|---|---|
| 001 | 000013181 | ||
| 003 | DO-SdBNP | ||
| 005 | 20250711095450.0 | ||
| 008 | 091120s2000 dr r 000 f spa d | ||
| 020 | _a9993430072 | ||
| 040 |
_aDO-SdBNP _bspa _cBNPHU |
||
| 082 |
_aRD863.44 _bV145n |
||
| 100 | 1 |
_aValdez, Diógenes, _d1941- _920511 |
|
| 245 | 1 | 3 |
_aLa noche de Jonsok : _b(un antes) / _cDiógenes Valdez. |
| 260 |
_aSanto Domingo : _bBanco Central de la República Dominicana, _c2000. |
||
| 300 |
_a245 p. ; _c23 cm. |
||
| 490 | 1 | _aBanco Central de la República Dominicana | |
| 500 | _aPrimera novela del ciclo titulado ¨El sexteto de Fort Liberté¨, que se apoya temáticamente en el célebre poema ¨Yelidá¨, de Tomás Hernández Franco. | ||
| 590 | _aInventariado, 2018/BT | ||
| 650 | 0 |
_aNovela dominicana _9223 |
|
| 650 | 0 |
_aLiteratura dominicana. _967 |
|
| 700 | 1 | 2 |
_aHernández Franco, Tomás, _d1904-1952 _tYelidá _930249 |
| 800 | 1 |
_aValdez, Diógenes, _d1941- _tYelidá (El sexteto de Fort Liberté) _v1 _930261 |
|
| 910 | _aValidado. Control de calidad. MMOLINA | ||
| 942 |
_2ddc _cLBS1 |
||
| 999 |
_c12820 _d12820 |
||